| 000 | 01638cam a2200397 i 4500 | ||
|---|---|---|---|
| 999 |
_c200441579 _d59791 |
||
| 003 | TR-AnTOB | ||
| 005 | 20221121094345.0 | ||
| 007 | ta | ||
| 008 | 750318s1974 fr a bs i100 0 eng | ||
| 010 | _a 74195599 | ||
| 015 | _aF*** | ||
| 020 | _a9264112111 | ||
| 040 |
_aDLC _beng _erda _cDLC _dDLC _dTR-AnTOB |
||
| 041 | 0 | _aeng | |
| 043 | _ad------ | ||
| 050 | 0 | 4 |
_aHD82 _b.I58 1972 |
| 090 |
_aHD82 _b.I58 1972 |
||
| 111 | 2 |
_aInternational Meeting of Directors of Development Research and Training Institutes _d(1972 : _cBelgrade, Yugoslavia) _9139311 |
|
| 245 | 1 | 0 |
_aPlanning, income distribution, private foreign investment : _bInternational Meeting of Directors of Development Research and Training Institutes, Belgrade, Yugoslavia, 28th-30th, August, 1972. |
| 264 | 1 |
_aParis : _bDevelopment Centre of the Organisation for Economic Co-operation and Development, _c1974. |
|
| 264 | 2 |
_a[Washington, D.C. : _bsold by the OECD Publications Center], _c1974. |
|
| 300 |
_a234 pages : _billustrations ; _c27 cm |
||
| 336 |
_atext _btxt _2rdacontent |
||
| 337 |
_aunmediated _bn _2rdamedia |
||
| 338 |
_avolume _bnc _2rdacarrier |
||
| 504 | _aBIB | ||
| 650 | 0 |
_aEconomic policy _vCongresses _953997 |
|
| 650 | 0 |
_aLabor supply _zDeveloping countries _vCongresses _9133968 |
|
| 650 | 0 |
_aInvestments, Foreign _zDeveloping countries _vCongresses _9109295 |
|
| 650 | 0 |
_aInternational cooperation _vCongresses _934420 |
|
| 650 | 0 |
_aIncome distribution _vCongresses _923213 |
|
| 710 | 2 |
_aOrganisation for Economic Co-operation and Development. _bDevelopment Centre _953907 |
|
| 942 |
_2lcc _cBK |
||